000 00217nam a22000857a 4500
008 170104b xxu||||| |||| 00| 0 eng d
100 _92258
_aGupta.S
245 _aBuilding Bridges Volues-1
260 _aNew delhi
_bG.R.B
_c2012
999 _c5145
_d5145